O jardim zoológico em casa (Registo nº 4124)

Detalhes MARC
000 -Etiqueta do registo
Cabeçalho 00552cam a22002171 4500
005 - Identificador da versão
Campo de controlo 20240813122053.0
095 ## -
-- PTBN00074872
100 ## - Dados gerais de processamento
Dados gerais de processamento 19000001d1975 a y0pory5003 ba
102 ## - Pais de publicação ou produção
País de publicação Portugal
101 0# - Língua de publicação
Língua do texto, banda sonora, etc. Português
215 ## - Descrição física 
Indicação específica da natureza do documento e extensão da espécie 62, [2] p.
Outras indicações físicas il.
Dimensões 20 cm
200 1# - Titulo e menção de responsabilidade
Título próprio O jardim zoológico em casa
Primeira menção de responsabilidade António Torrado
225 1# - Colecção 
Título próprio da colecção Plátano Abril
Indicação de volume 2
210 ## - Publicação, Distribuição, etc. 
Lugar da edição, distribuição, etc. Lisboa
Nome do editor, distribuidor, etc. Plátano
Data da publicação, distribuição, etc. 1975
675 ## - Classificação Decimal Universal (CDU)
Notação 087.5
Edição med
Língua da edição por
700 #1 - Nome de autor-pessoa física (responsabilidade principal)
Número de registo de entrada de autoridade 0000033
Palavra de ordem Torrado
Outra parte do nome não tomada para palavra de ordem António
Datas 1939-
942 ## - Elementos de entrada adicionados (Koha)
Tipo de item no Koha Livro
Exemplares
Situação do levantamento Origin of item (home branch) (coded) Biblioteca de empréstimo Código de barras Cota Circulation type (not for loan) Tipo de documento Nota do exemplar Damaged status
  Biblioteca Escolar das Vendas Biblioteca Escolar das Vendas BEV514 8POR TOR   Livro Sem mensagem  
  Biblioteca Escolar das Vendas Biblioteca Escolar das Vendas BEV515 8POR TOR   Livro Sem mensagem  
  Biblioteca Escolar das Vendas Biblioteca Escolar das Vendas BEV516 8POR TOR   Livro Sem mensagem  
  Biblioteca Escolar das Vendas Biblioteca Escolar das Vendas BEV517 8POR TOR   Livro Sem mensagem